|
|
|
|
| LEADER |
00000cam a2200000 7i4500 |
| 001 |
0000000968 |
| 005 |
20140323.0 |
| 020 |
0 |
0 |
|a 925101051X
|
| 090 |
0 |
0 |
|a FAO351.82338098
|b ILA 1981
|
| 100 |
1 |
0 |
|a ILAURADO
|h J. Prats
|
| 245 |
1 |
0 |
|a Public forestry administrations in Latin America
|c by J. Prats Ilaurado and G. Speidel
|
| 260 |
0 |
0 |
|a Rome :
|b Food and Agriculture Organization of the United Nations ,
|c 1981
|
| 300 |
|
|
|a vii, 178 p. ;
|c 28 cm.
|
| 440 |
0 |
0 |
|a FAO forestry paper ; 25
|
| 650 |
0 |
0 |
|a Forests and forestry
|x Management
|z Latin America
|
| 700 |
0 |
1 |
|a Speidal
|h G.
|
| 710 |
1 |
1 |
|a Food and Agriculture Organization of the United Nations (FAO)
|
| 998 |
|
|
|a JPSM
|
| 999 |
|
|
|a 0000001977
|b Monograph
|c Food and Agriculture Organization
|e Default branch
|